Drapeaux des pays commençant par B - Statistiques

Statistiques générales
  • Ce quiz a été pris 312 fois
  • Le résultat moyen est 15 sur 17
Statistiques - réponses
Par images Réponse % Correct
Belgique
99%
Brésil
98%
Bangladesh
95%
Bosnie-Herzégovine
93%
Bulgarie
93%
Bhoutan
92%
Biélorussie
92%
Bahreïn
86%
Barbade
86%
Bahamas
85%
Bolivie
81%
Belize
80%
Botswana
80%
Brunei
80%
Burkina Faso
80%
Bénin
79%
Burundi
77%
Aucun quiz correspondant
Distribution des résultats
% des personnes avec chaque résultat
Percentile par nombre de réponses
Votre historique - résultats
Vous n’avez pas pris ce quiz